|
|
|
|
| LEADER |
01495nam a2200349 a 4500 |
| 001 |
16060578 |
| 003 |
BD-DhAAL |
| 005 |
20130729113824.0 |
| 008 |
130729s2011 maua b 001 0 eng |
| 010 |
|
|
|a 2010000211
|
| 020 |
|
|
|a 9780763773144 (hardcover)
|
| 020 |
|
|
|a 076377314X (ibid.)
|
| 040 |
|
|
|a DLC
|c DLC
|d BTCTA
|d YDXCP
|d C#P
|d BWX
|d CDX
|d DLC
|d BD-DhAAL
|
| 050 |
0 |
0 |
|a QC52
|b .D48 2011
|
| 082 |
0 |
0 |
|a 530.0285
|2 22
|
| 100 |
1 |
|
|a DeVries, Paul L.,
|d 1948-
|9 2409
|
| 245 |
1 |
2 |
|a A first course in computational physics /
|c Paul L. DeVries, Javier E. Hasbun.
|
| 250 |
|
|
|a 2nd ed.
|
| 260 |
|
|
|a Sudbury, Mass. :
|b Jones and Bartlett Publishers,
|c c2011.
|
| 300 |
|
|
|a x, 433 p. :
|b ill. ;
|c 24 cm.
|
| 500 |
|
|
|a Rev. ed. of: A first course in computational physics. c1994.
|
| 504 |
|
|
|a Includes bibliographical references and index.
|
| 541 |
|
|
|e 27338
|
| 630 |
0 |
0 |
|a MATLAB.
|9 2410
|
| 650 |
|
0 |
|a Physics
|x Data processing.
|9 2411
|
| 650 |
|
0 |
|a Mathematical physics.
|9 2412
|
| 700 |
1 |
|
|a Hasbun, Javier Ernesto.
|9 2413
|
| 700 |
1 |
|
|a DeVries, Paul L.,
|d 1948-
|9 2414
|
| 942 |
|
|
|2 ddc
|c BK
|
| 999 |
|
|
|c 13769
|d 13769
|
| 952 |
|
|
|0 0
|1 0
|2 ddc
|4 0
|6 530_028500000000000_DEV
|7 0
|9 23028
|a BRACUL
|b BRACUL
|c GEN
|d 2013-07-29
|e Trim Education
|g 8050.00
|l 5
|m 27
|o 530.0285 DEV
|p 3010027338
|r 2025-11-16
|s 2025-10-15
|t 1
|w 2013-07-29
|y BK
|
| 952 |
|
|
|0 0
|1 0
|2 ddc
|4 0
|6 530_028500000000000_DEV
|7 0
|9 23029
|a BRACUL
|b BRACUL
|c GEN
|d 2013-07-29
|e Trim Education
|g 8050.00
|l 2
|m 22
|o 530.0285 DEV
|p 3010027339
|r 2019-02-08
|s 2018-10-22
|t 2
|w 2013-07-29
|y BK
|